Guess the Capital City from Flag 5 - Statistics

General Stats
  • This quiz has been taken 20 times
  • The average score is 15 of 20
Answer Stats
Picture Answer % Correct
Algiers
94%
Madrid
94%
Amsterdam
88%
Vatican City
88%
Washington D.C.
88%
Addis Ababa
81%
Bucharest
81%
Managua
81%
San José
81%
Sofia
81%
Suva
75%
Ouagadougou
69%
Port Moresby
69%
South Tarawa
63%
Tashkent
63%
Tegucigalpa, Comayagüela
63%
Windhoek
63%
Bangui
56%
Conakry
56%
St. George's
56%
No matching quizzes found
Score Distribution
Percent of People with Each Score
Percentile by Number Answered
Your Score History
You have not taken this quiz